000
00371nam a2200145Ia 4500
008
090124s9999 xx 000 0 und d
082
_b
402078
245
_a
जेल फरार
250
_a
1
260
_b
केळकर इंदुमति
_c
1987
300
_a
68
630
_a
जेल फरार
730
_a
जेल फरार
942
_c
BOOK
999
_c
198538
_d
198538